Concepción moderna de la empresa

Shranjeno v:
Bibliografske podrobnosti
Glavni avtor: Vial E., Carlos A (Author)
Format: Knjiga
Jezik:španščina
Izdano: Santiago Universidad de Chile 1950
Teme:
Oznake: Označite
Brez oznak, prvi označite!

MARC

LEADER 00000nam a2200000 a 4500
001 UCJ0451
003 CL-VaPUC
008 060804e19500000CL |||||||||||||||||spa|d
082 0 4 |a 658  |b VIA  |2 21 
100 0 |a Vial E., Carlos A  |e author  |9 500619 
245 1 0 |a Concepción moderna de la empresa 
246 1 0 |a Texto de la conferencia dictada en el salón de Honor de la Universidad de Chile, durante el 11§ congreso de universidades latinoamericanas 
300 |a 19 p 
942 |c BK 
945 |d 20060804 00:00:00  |a cmena 
260 |a Santiago  |b Universidad de Chile  |c 1950 
650 0 |a Administración de empresas   |9 260833 
650 0 |a Trabajadores  |9 260887 
650 7 |a EMPRESARIOS  |2 CL-VaPUC  |9 315086 
650 0 |a Problemas sociales  |9 258537 
583 |a last modification  |c 20060804 00:00:00  |k Rodrigo Vera 
999 |c 317285  |d 317283 
952 |0 0  |1 0  |4 0  |6 658_000000000000000_VIA_1950  |7 0  |8 A  |9 393360  |a BIBHIS  |b BIBHIS  |d 2019-11-22  |i 2929791  |o 658 VIA 1950  |p 2929791  |r 2025-01-20  |w 2019-11-22  |y BK  |k HIS